| 000 | 01079nam a2200313 c 4500 | ||
|---|---|---|---|
| 003 | BLK | ||
| 005 | 20201113145127.0 | ||
| 008 | 180408b bul|||||r ||||||| ||bul|| | ||
| 010 | _aKNG00061598000 | ||
| 040 | _aBLK | ||
| 041 |
_aBUL _cBUL |
||
| 080 |
_aТорове. Торене. Стимулиране растежа на растенията. Растителни стимулатори _b631.8 _x(035) _z631.8(035) |
||
| 100 | 1 |
_aКършев, Иван П. _eпърви автор _9287725 |
|
| 139 |
_aСправочник по минерални торове _bС59 |
||
| 245 | 1 | 0 |
_aСправочник по минерални торове _cИван П. Кършев. |
| 257 | _aBGR | ||
| 260 |
_аСофия _bТехника _c1986 |
||
| 300 |
_a303 с. _c22 см |
||
| 380 | _a63 | ||
| 650 | 4 |
_aТорове, минерални _9275702 |
|
| 653 | _aторове | ||
| 653 | _aминерали | ||
| 653 | _aсправочници | ||
| 852 | _aЦб 143344 | ||
| 856 | 4 |
_qpdf _u |
|
| 856 | 4 |
_qpdf _u |
|
| 942 |
_cKNG _n0 _01 |
||
| 944 |
_aCR _c13.06.2004 _kЧиталня |
||
| 944 |
_aED _c24.09.2015 _k |
||
| 999 |
_c57592 _d57592 |
||